L' Aroumain : et ses rapports avec le Grec
Αποθηκεύτηκε σε:
| Κύριος συγγραφέας: | |
|---|---|
| Μορφή: | Βιβλίο |
| Γλώσσα: | French |
| Δημοσίευση: |
Thessaloniki :
Institute for Balkan Studies,
1986.
|
| Σειρά: | Ίδρυμα Μελετών Χερσονήσου του Αίμου (Εταιρεία Μακεδονικών Σπουδών)
206 |
| Θέματα: | |
| Ετικέτες: |
Προσθήκη ετικέτας
Δεν υπάρχουν, Καταχωρήστε ετικέτα πρώτοι!
|
MARC
| LEADER | 00000cam a2200000 i 4500 | ||
|---|---|---|---|
| 001 | 1/99843 | ||
| 008 | 950405s1986 gr | ||| |||| ||fre|| | ||
| 035 | |l 10011465 | ||
| 040 | |a GR-MyUA |b gre |c GR-MyUA |e AACR2 | ||
| 041 | 0 | |a fre | |
| 082 | 7 | |a 459.9 |2 (22) | |
| 100 | 1 | |a Λαζάρου, Αχιλλεύς Γ. | |
| 245 | 1 | 3 | |a L' Aroumain : |b et ses rapports avec le Grec / |c Achille G. Lazarou. |
| 260 | |a Thessaloniki : |b Institute for Balkan Studies, |c 1986. | ||
| 300 | |a 304 σ. ; |c 24 εκ. | ||
| 490 | 1 | |a (Hidryma Meleton Chersonesou tou Haimou ; |v 206) | |
| 504 | |a Περιλαμβάνει βιβλιογραφικές παραπομπές και ευρετήριο. | ||
| 650 | 0 | |a Aromanian dialect. | |
| 830 | 0 | |a Ίδρυμα Μελετών Χερσονήσου του Αίμου (Εταιρεία Μακεδονικών Σπουδών) |v 206 | |
| 852 | |a INST |b LESVOS |e 19950405 |h 459.9 LAZ |p 005100001810 |q 005100001810 |t BK |y 0 | ||
| 852 | |a INST |b RHODES |c AKA |e 20190920 |h 459.9 ΛΑΖ |p 005400041131 |q 005400041131 |t BK |y 0 | ||
| 970 | |z 20-09-2019 | ||